Commercial banks' products to finance investment plans of SME
Bankové produkty na podporu investičných plánov malých a stredných podnikov. Stredno a dlhodobé úvery. Revolvingový úver. Emisný úver. Hypotéka. Úverová analýza podniku. Investičné produkty pre SME vybraných slovenských komerčných bánk. ČSOB, Slovenská sporiteľňa, Tatra banka, UniCredit Bank, Volksb...
Saved in:
| Main Author: | |
|---|---|
| Format: | Book Chapter |
| Language: | English |
| Subjects: | |
| Tags: |
No Tags, Be the first to tag this record!
|
MARC
| LEADER | 00000naa$a2200000$$$4500 | ||
|---|---|---|---|
| 001 | 0125585 | ||
| 005 | 20240502072431.1 | ||
| 041 | 0 | |a eng | |
| 044 | |a SK | ||
| 245 | 1 | 0 | |a Commercial banks' products to finance investment plans of SME |c Mária Klimiková |
| 520 | |a Bankové produkty na podporu investičných plánov malých a stredných podnikov. Stredno a dlhodobé úvery. Revolvingový úver. Emisný úver. Hypotéka. Úverová analýza podniku. Investičné produkty pre SME vybraných slovenských komerčných bánk. ČSOB, Slovenská sporiteľňa, Tatra banka, UniCredit Bank, Volksbank, Všeobecná úverová banka. | ||
| 610 | 2 | 0 | |a banky |
| 610 | 2 | 0 | |a banky obchodné |
| 610 | 2 | 0 | |a úver |
| 610 | 2 | 0 | |a hypotéky |
| 610 | 2 | 0 | |a podpora podnikania |
| 610 | 2 | 0 | |a podnik malý |
| 610 | 2 | 0 | |a podnik stredný |
| 610 | 2 | 0 | |a Slovensko |
| 100 | 1 | |a Klimiková, Mária | |